000 00330nam a2200133Ia 4500
008 240624s9999 xx 000 0 und d
041 _aeng
082 _a823 SEB
100 _aMONTEFIORE SIMON SEBAG
245 _aJERUSALEM THE BIOGRAPHY
260 _c2011
_alondon
_bPhoenix
300 _axxii, : 720p. ; 20cm.
365 _cRS
_b25
999 _c19932
_d19932